Statutory nuisance (1): nature and scope (Record no. 68874)

MARC details
000 -LEADER
fixed length control field 00981cam a2200241 4500
001 - CONTROL NUMBER
control field ABS64820
008 - FIXED-LENGTH DATA ELEMENTS--GENERAL INFORMATION
fixed length control field 011120n2001 000 0 eng u
035 ## - SYSTEM CONTROL NUMBER
System control number (Sirsi) u115649
100 ## - MAIN ENTRY--PERSONAL NAME
Personal name McCracken, R.
245 ## - TITLE STATEMENT
Title Statutory nuisance (1): nature and scope
260 ## - PUBLICATION, DISTRIBUTION, ETC.
Date of publication, distribution, etc. 2001
490 ## - SERIES STATEMENT
Series statement Solicitors' Journal
Volume/sequential designation 145(42) 1028-1029(2)
520 ## - SUMMARY, ETC.
Summary, etc. In the first of a series of six articles, the paper outlines what must be considered when deciding if a statutory nuisance occurs. The Environmental Protection Act 1990 s79(1) establishes nine categories of statutory nuisance which will be discussed in greater depth in the second article in the series. This article discusses what constitutes 'prejudicial to health' or 'nuisance'.
590 ## - LOCAL NOTE (RLIN)
Local note ABS
650 ## - SUBJECT ADDED ENTRY--TOPICAL TERM
Topical term or geographic name entry element ENVIRONMENTAL PROTECTION ACT 1990 S79(1)
650 ## - SUBJECT ADDED ENTRY--TOPICAL TERM
Topical term or geographic name entry element STATUTORY NUISANCE
650 ## - SUBJECT ADDED ENTRY--TOPICAL TERM
Topical term or geographic name entry element HEALTH
650 ## - SUBJECT ADDED ENTRY--TOPICAL TERM
Topical term or geographic name entry element NUISANCE
650 ## - SUBJECT ADDED ENTRY--TOPICAL TERM
Topical term or geographic name entry element NOISE POLLUTION
650 ## - SUBJECT ADDED ENTRY--TOPICAL TERM
Topical term or geographic name entry element CASE LAW
690 ## - LOCAL SUBJECT ADDED ENTRY--TOPICAL TERM (OCLC, RLIN)
Topical term or geographic name as entry element LAW
942 ## - ADDED ENTRY ELEMENTS (KOHA)
Suppress in OPAC 0
Holdings
Withdrawn status Lost status Source of classification or shelving scheme Damaged status Not for loan Home library Current library Shelving location Date acquired Total Checkouts Full call number Barcode Date last seen Copy number Price effective from Koha item type
    Dewey Decimal Classification     London London Journal article 20/11/2001   ABS64820 115649-1001 06/08/2019 1 06/08/2019 Journal article